000 00786nam a2200217 a 4500
005 20210223124500.0
008 011023s2000 es r 000 0 spa d
020 _a8441509883
035 _aUPN01000113343
049 _aCG
050 4 _aTR267
_bO3.3
100 1 _aOdam, John
_941667
245 1 0 _aFotografía digital /
_cJohn Odam ; tr. Antonio García del Olmo.
260 _aMadrid :
_bAnaya Multimedia,
_cc2000.
300 _a237 p. :
_bil. col. +
_e1 CD-ROM : col.; 4 3/4 plg.
440 0 _aBiblioteca profesional de diseño.
_pDiseño y creatividad
500 _a"Nivel: medio. Tipo de libro: aprendizaje/referencia. Temática: diseño"
650 4 _aFOTOGRAFIA -
_xTECNICAS DIGITALES
_913455
650 4 _aPROCESAMIENTO DE IMAGEN -
_xTECNICAS DIGITALES
_913290
905 _aLibro
999 _c87251
_d87251